Sports Logos A-Z - Statistics

General Stats
  • This quiz has been taken 222 times
    221 since last reset
  • The average score is 18 of 20
Answer Stats
Picture Answer % Correct
Los Angeles Lakers
98%
Atlanta Falcons
95%
Green Bay Packers
95%
Kansas City Chiefs
94%
Utah Jazz
94%
Cleveland Cavaliers
92%
Indianapolis Colts
92%
New York Giants
92%
Tennessee Titans
92%
Houston Rockets
90%
Miami Marlins
89%
New Jersey Devils
89%
Houston Astros
88%
Washington Commanders
88%
Baltimore Orioles
87%
Boston Bruins
86%
Arizona Diamondbacks
85%
Detroit Tigers
84%
Philadelphia Phillies
78%
Seattle Kraken
72%
No matching quizzes found
Score Distribution
Percent of People with Each Score
Percentile by Number Answered
Your Score History
You have not taken this quiz since the last reset